Album « R.A.T. » de La Mano 1.9 - Statistiques

Statistiques générales
  • Ce quiz a été pris 68 fois
    22 depuis la dernière actualisation
  • Le résultat moyen est 17 sur 20
Statistiques - réponses
Réponse % Correct
6. 4K
100%
13. Fourmi (ft Vacra)
100%
5. I’m Sorry
100%
15. Sexy Woman
100%
18. SWAT (ft SDM)
100%
12. Bomberman
90%
14. Célibataire
90%
9. City
90%
3. Encore
90%
11. Businessman
80%
4. Handek
80%
17. LVL UP
80%
8. Mailler
80%
16. No pain, no gain
80%
10. 27.06.25 (Magie)
70%
2. Adrénaline/Maradona
70%
7. Crime ensoleillé (ft Tiakola)
70%
1. R.A.T #2
70%
19. Génération
60%
20. Kilo
50%
Aucun quiz correspondant
Distribution des résultats
% des personnes avec chaque résultat
Percentile par nombre de réponses
Votre historique - résultats
Vous n’avez pas pris ce quiz depuis la dernière actualisation